000 00346nam a2200133Ia 4500
008 220217s9999||||xx |||||||||||||| ||und||
020 _a81-7853-3072-4
082 _a005.276 SCE
100 _aSceppa, David
_95370
245 0 _aMicrosoft ADO .NET
260 _aWP publishers
_bBangalore
_c2003
300 _b699
650 _aSOFTWARE DESIGN
999 _c176291
_d176291